000 01372cam a2200349 a 4500
001 1053294
003 ARRUPE
005 20131126120356.0
008 900103s1990 enk b 001 0 eng
010 _a 90030115
020 _a0852555253 (J. Currey)
020 _a0435080458 (Heinemann)
040 _aDLC
_cDLC
_dDLC
043 _af------
050 0 0 _aPL8010.4
_b.N48 1990
082 0 0 _a809.1/0096
_220
100 1 _aNgara, Emmanuel.
_93830
245 1 0 _aIdeology & form in African poetry :
_bimplications for communication /
_cEmmanuel Ngara.
260 _aLondon :
_bJ. Currey ;
_aHarare :
_bBaobab Books ;
_aNairobi :
_bHeinemann Kenya ;
_aPortsmouth, N.H. :
_bHeinemann,
_c1990.
300 _axiii, 208 p. ;
_c22 cm.
440 0 _aStudies in African literature
_93831
504 _aIncludes bibliographical references and index.
650 0 _aAfrican poetry
_xHistory and criticism.
_93832
650 0 _aIdeology in literature.
_93833
650 0 _aSocial problems in literature.
_93834
650 0 _aPhilosophy, Marxist in literature.
_93835
650 0 _aAfrican poetry
_xStudy and teaching.
_93836
740 0 _aIdeology and form in African poetry.
906 _a7
_bcbc
_corignew
_d1
_eocip
_f19
_gy-gencatlg
942 _2lcc
_cMONOGRAPH
999 _c118682
_d118682